<?xml version="1.0" encoding="UTF-8"?>
<record
    xmlns:xsi="http://www.w3.org/2001/XMLSchema-instance"
    xsi:schemaLocation="http://www.loc.gov/MARC21/slim http://www.loc.gov/standards/marcxml/schema/MARC21slim.xsd"
    xmlns="http://www.loc.gov/MARC21/slim">

  <leader>00859nam a2200253Ia 4500</leader>
  <controlfield tag="005">20230726124543.0</controlfield>
  <controlfield tag="008">210716s2015    xx            000 0 und d</controlfield>
  <datafield tag="020" ind1=" " ind2=" ">
    <subfield code="a">9780198095927</subfield>
  </datafield>
  <datafield tag="040" ind1=" " ind2=" ">
    <subfield code="c">AIMIT LIBRARY</subfield>
  </datafield>
  <datafield tag="041" ind1=" " ind2=" ">
    <subfield code="a">eng</subfield>
  </datafield>
  <datafield tag="082" ind1=" " ind2=" ">
    <subfield code="a">658.8342 </subfield>
    <subfield code="2">1</subfield>
    <subfield code="b">KUMD</subfield>
  </datafield>
  <datafield tag="100" ind1=" " ind2=" ">
    <subfield code="a">Kumar, Dinesh.</subfield>
    <subfield code="9">128431</subfield>
  </datafield>
  <datafield tag="245" ind1=" " ind2=" ">
    <subfield code="a">Consumer behaviour:</subfield>
    <subfield code="b">Includes online buying trends /</subfield>
    <subfield code="c">By Dinesh Kumar</subfield>
  </datafield>
  <datafield tag="250" ind1=" " ind2=" ">
    <subfield code="a">1st ed.</subfield>
  </datafield>
  <datafield tag="260" ind1=" " ind2=" ">
    <subfield code="a">New Delhi :</subfield>
    <subfield code="b">Oxford University Press.,</subfield>
    <subfield code="c">2015.</subfield>
  </datafield>
  <datafield tag="300" ind1=" " ind2=" ">
    <subfield code="a">xvi,706p. ;</subfield>
    <subfield code="b">PB:</subfield>
    <subfield code="c">23 cm.</subfield>
  </datafield>
  <datafield tag="650" ind1=" " ind2=" ">
    <subfield code="a">Consumer Behavior</subfield>
    <subfield code="9">128432</subfield>
  </datafield>
  <datafield tag="650" ind1=" " ind2=" ">
    <subfield code="a">Consumer as an Individual</subfield>
    <subfield code="9">128433</subfield>
  </datafield>
  <datafield tag="650" ind1=" " ind2=" ">
    <subfield code="a">Influences on Consumer Behaviour</subfield>
    <subfield code="9">128434</subfield>
  </datafield>
  <datafield tag="650" ind1=" " ind2=" ">
    <subfield code="a">Modifying Consumer Behaviour</subfield>
    <subfield code="9">128435</subfield>
  </datafield>
  <datafield tag="650" ind1=" " ind2=" ">
    <subfield code="a">Measuring and Analysis Consumer Behaviour</subfield>
    <subfield code="9">128436</subfield>
  </datafield>
  <datafield tag="650" ind1=" " ind2=" ">
    <subfield code="a">Modern Consumer </subfield>
    <subfield code="9">128437</subfield>
  </datafield>
  <datafield tag="942" ind1=" " ind2=" ">
    <subfield code="2">ddc</subfield>
    <subfield code="c">BK</subfield>
    <subfield code="e">1st</subfield>
    <subfield code="k">658.8342 KUMD</subfield>
  </datafield>
  <datafield tag="999" ind1=" " ind2=" ">
    <subfield code="c">209433</subfield>
    <subfield code="d">209433</subfield>
  </datafield>
  <datafield tag="952" ind1=" " ind2=" ">
    <subfield code="0">0</subfield>
    <subfield code="1">0</subfield>
    <subfield code="2">ddc</subfield>
    <subfield code="4">0</subfield>
    <subfield code="7">0</subfield>
    <subfield code="8">MBA</subfield>
    <subfield code="a">AIMIT</subfield>
    <subfield code="b">AIMIT</subfield>
    <subfield code="d">2015-11-16</subfield>
    <subfield code="g">625.00</subfield>
    <subfield code="i">Bill no:612; Bill dt:2015-10-20</subfield>
    <subfield code="l">0</subfield>
    <subfield code="o">658.8342 KUMD</subfield>
    <subfield code="p">MBA11999</subfield>
    <subfield code="r">2025-07-21 00:00:00</subfield>
    <subfield code="v">468.75</subfield>
    <subfield code="w">2021-07-16</subfield>
    <subfield code="y">BK</subfield>
  </datafield>
  <datafield tag="952" ind1=" " ind2=" ">
    <subfield code="0">0</subfield>
    <subfield code="1">0</subfield>
    <subfield code="2">ddc</subfield>
    <subfield code="4">0</subfield>
    <subfield code="7">0</subfield>
    <subfield code="8">MBA</subfield>
    <subfield code="a">AIMIT</subfield>
    <subfield code="b">AIMIT</subfield>
    <subfield code="d">2015-11-16</subfield>
    <subfield code="g">625.00</subfield>
    <subfield code="i">Bill no:612; Bill dt:2015-10-20</subfield>
    <subfield code="l">0</subfield>
    <subfield code="o">658.8342 KUMD</subfield>
    <subfield code="p">MBA12000</subfield>
    <subfield code="r">2025-07-21 00:00:00</subfield>
    <subfield code="v">468.75</subfield>
    <subfield code="w">2021-07-16</subfield>
    <subfield code="y">BK</subfield>
  </datafield>
  <datafield tag="952" ind1=" " ind2=" ">
    <subfield code="0">0</subfield>
    <subfield code="1">0</subfield>
    <subfield code="2">ddc</subfield>
    <subfield code="4">0</subfield>
    <subfield code="7">0</subfield>
    <subfield code="8">MBA</subfield>
    <subfield code="a">AIMIT</subfield>
    <subfield code="b">AIMIT</subfield>
    <subfield code="d">2015-11-16</subfield>
    <subfield code="g">625.00</subfield>
    <subfield code="i">Bill no:612; Bill dt:2015-10-20</subfield>
    <subfield code="l">0</subfield>
    <subfield code="o">658.8342 KUMD</subfield>
    <subfield code="p">MBA12001</subfield>
    <subfield code="r">2025-07-21 00:00:00</subfield>
    <subfield code="v">468.75</subfield>
    <subfield code="w">2021-07-16</subfield>
    <subfield code="y">BK</subfield>
  </datafield>
</record>
